|
|
|
|
| LEADER |
02425nam a2200553 4500 |
| 001 |
ocn855858511 |
| 003 |
OCoLC |
| 005 |
20170124072538.2 |
| 006 |
m o d |
| 007 |
cr cnu|||unuuu |
| 008 |
130815s2013 gw o 000 0 ger d |
| 040 |
|
|
|a DG1
|b eng
|e pn
|c DG1
|d CUS
|d UKMGB
|d IDEBK
|d DEBBG
|d OCLCF
|d YDXCP
|d E7B
|d N$T
|d OCLCQ
|d COO
|d OCLCQ
|d GrThAP
|
| 016 |
7 |
|
|a 016469972
|2 Uk
|
| 019 |
|
|
|a 861536636
|a 902355517
|
| 020 |
|
|
|a 9783527649563
|q (electronic bk.)
|
| 020 |
|
|
|a 3527649565
|q (electronic bk.)
|
| 020 |
|
|
|a 9783527649594
|q (electronic bk.)
|
| 020 |
|
|
|a 352764959X
|q (electronic bk.)
|
| 020 |
|
|
|z 9783527330195
|
| 020 |
|
|
|z 3527330194
|
| 029 |
1 |
|
|a AU@
|b 000052006654
|
| 029 |
1 |
|
|a NZ1
|b 15497565
|
| 035 |
|
|
|a (OCoLC)855858511
|z (OCoLC)861536636
|z (OCoLC)902355517
|
| 050 |
|
4 |
|a TP145
|b .I53 2013
|
| 072 |
|
7 |
|a TEC
|x 009010
|2 bisacsh
|
| 082 |
0 |
4 |
|a 660
|2 23
|
| 049 |
|
|
|a MAIN
|
| 245 |
0 |
0 |
|a Industrielle Anorganische Chemie /
|c Martin Bertau [and others] ; Mit einem Geleitwort von K.H. Büchel, H.-H. Moretto und P. Woditsch.
|
| 250 |
|
|
|a Vierte, vollständig überarbeitete und aktualisierte Aufl.
|
| 264 |
|
1 |
|a Weinheim :
|b Wiley-VCH,
|c [2013]
|
| 264 |
|
4 |
|c ©2013
|
| 300 |
|
|
|a 1 online resource (xxvi, 779 pages)
|
| 336 |
|
|
|a text
|b txt
|2 rdacontent
|
| 337 |
|
|
|a computer
|b c
|2 rdamedia
|
| 338 |
|
|
|a online resource
|b cr
|2 rdacarrier
|
| 505 |
0 |
|
|a Anorganische Grundprodukte -- Mineralische Dünger -- Metalle und ihre Verbindungen -- Halbleiter- und Technologiematerialien -- Organosiliciumverbindungen -- Anorganische Festkörper -- Kernbrennstoffkreislauf -- Stichwortverzeichnis.
|
| 588 |
0 |
|
|a Online resource; title from PDF title page (Wiley, viewed Aug. 15, 2013).
|
| 650 |
|
0 |
|a Chemistry, Technical.
|
| 650 |
|
0 |
|a Chemistry, Inorganic.
|
| 650 |
|
0 |
|a Chemical engineering.
|
| 650 |
|
7 |
|a TECHNOLOGY & ENGINEERING
|x Chemical & Biochemical.
|2 bisacsh
|
| 650 |
|
7 |
|a Chemical engineering.
|2 fast
|0 (OCoLC)fst00852893
|
| 650 |
|
7 |
|a Chemistry, Inorganic.
|2 fast
|0 (OCoLC)fst00853488
|
| 650 |
|
7 |
|a Chemistry, Technical.
|2 fast
|0 (OCoLC)fst00853546
|
| 655 |
|
4 |
|a Electronic books.
|
| 700 |
1 |
|
|a Bertau, Martin.
|
| 776 |
0 |
8 |
|i Print version:
|a Bertau, Martin.
|t Industrielle Anorganische Chemie.
|d Weinheim [Germany] : Wiley-VCH, Verlag GmbH & Co. KGaA, 2013
|h xxvi, 779 pages
|z 9783527330195
|
| 856 |
4 |
0 |
|u https://doi.org/10.1002/9783527649563
|z Full Text via HEAL-Link
|
| 994 |
|
|
|a 92
|b DG1
|